| 000 | 00895cab a2200253 4500 | ||
|---|---|---|---|
| 001 | ABS60229 | ||
| 008 | 090401t1998 xxu||||| |||| 00| 0 eng d | ||
| 035 | _a(Sirsi) u91273 | ||
| 041 | _aeng | ||
| 100 | _aZhan, J. | ||
| 245 | 2 | _aA project cost control model | |
| 260 | _c1998 | ||
| 350 | _a0 | ||
| 490 |
_aCost Engineering _v40(12) December 1998, 31-34(4) |
||
| 520 | _aDescribes ten basic principles which act as guidelines for efficient project cost control. These principles make up the basis of a proposed cost control model which focuses on total cost management from a general contractor`s view. (Taken from journal abstract). | ||
| 650 | _aCONSTRUCTION PROJECTS | ||
| 650 | _aCOST CONTROL | ||
| 650 | _aGENERAL CONTRACTING | ||
| 650 | _aMANAGEMENT-PROJECT MANAGEMENT | ||
| 650 | _aSCHEDULING | ||
| 690 |
_aProject management _96261 |
||
| 942 | _n0 | ||
| 948 | _c12/02/1999 | ||
| 999 |
_c57924 _d57924 |
||